000 00702nam a22002297a 4500
005 20170124110114.0
010 _aB-181194
020 _c200.00
_a8175680253
035 _aB-181194
037 _bCen Lib/Ret
040 _aDPL
_bEN
082 _a615.53
_bBAK
100 _aBakshi, Taranjit
_929765
245 _aFear and anxeity conquered /
_cby Taranjit Bakshi
260 _bDynamic publications
_aDelhi
_c2003
270 _bDelhi
_a609/5A/1, Shastri gali Vishwas nagar
_e110032
300 _a130p.
_c22cm(Hb)
500 _aIncludes bibliographical references
650 _aAnxiety--Treatment
_929766
650 _aAnxiety--Testing
_929767
942 _2ddc
_cEN
_h615.53
_mBAK
999 _c130655
_d130655